000 00447nam a2200205Ia 4500
003 0100
008 130303s9999 xx 000 0 und d
020 _a0198246439
040 _cARRUPELIB
050 _aJC223.M66T45
100 _aTen, C. L.
245 _aMill on liberty
260 _aOxford
260 _bClarendon press
260 _C1980
300 _a195p.
300 _b 22cm
650 _bPhilosophy of mind
942 _2lcc
_02
999 _c64053
_d64053